000 00481nam a2200169 i 4500
001 72523
003 ES-MaACL
005 20230906171448.0
007 t|
008 040901s1910 xxk ||||1| eng d
100 1 _aGlaister, John.
_957389
245 1 2 _aA text-book of Public Health /
_cby John Glaister.
250 _a2nd ed.
260 _aEdinburgh :
_bE. and S. Livingstone,
_c1910 (
_fRiverside Press)
300 _aXX, 622 p. :
_bil. ;
_c22 cm.
852 _aES-MaACL
_jB-12476
999 _c72523
_d72523